000
00317nam a2200133Ia 4500
008
191201s2009 xx 000 0 und d
082
_a
658.84
_b
CHS
100
_a
CHOPRA, Sunil
245
0
_a
Supply Chain Management
260
_a
N.Delhi
_b
Pearson Education
_c
2009
300
_a
643
650
_a
MBA
942
_2
ddc
_c
BK
999
_c
2995
_d
2995